| 000 | 00842nam a2200241 a 4500 | ||
|---|---|---|---|
| 001 | 000018853 | ||
| 005 | 20200929165852.0 | ||
| 008 | 100519s1980 mx b 000 0 spa d | ||
| 020 | _a9682301149 | ||
| 040 |
_aDO-SdBNP _bspa _cBNPHU |
||
| 082 |
_axxx _bD288g, 1980 |
||
| 100 | 1 |
_aDebray, Régis, _940492 |
|
| 240 | 1 | 3 |
_aLa guérrilla du che. _lEspañol. |
| 245 | 1 | 3 |
_aLa guerrilla del che / _cRégis Debray ; edición de Eugenia Huerta ;traducción de Aurelio Garzón del Camino. |
| 250 | _a4a ed. | ||
| 260 |
_aMéxico : _bSiglo XXI Editores, _c1980. |
||
| 300 |
_a154 p. : _bmapas ; _c21 cm. |
||
| 500 | _aIncluye notas al pie de las páginas. | ||
| 534 |
_pTítulo original en francés: _tLa guérrilla du che. _c1974 |
||
| 700 | 1 |
_aHuerta, Eugenia, _eed. _933047 |
|
| 700 | 1 |
_aGarzón del Camino, Aurelio, _etr. _940620 |
|
| 049 | _aBNGR | ||
| 999 |
_c18372 _d18372 |
||